| 000 | 00447nam a2200133Ia 4500 | ||
|---|---|---|---|
| 008 | 170221s9999 xx 000 0 und d | ||
| 100 | _aJores Kharatian | ||
| 245 | _aSecret Arbitration or Civil Litigation?: An Analysis of the Delaware Arbitration Program | ||
| 245 | _cJores Kharatian | ||
| 260 | _c2013 | ||
| 300 | _a13 : 1 | ||
| 650 | _xBusiness | ||
| 856 | _uhttp://digitalcommons.pepperdine.edu/cgi/viewcontent.cgi?article=1100&context=jbel | ||
| 999 |
_c311620 _d311620 |
||